Станции метро Оранжевой линии Санкт-Петербурга - Statistics

General Stats
  • This quiz has been taken 33 times
  • The average score is 7 of 8
Answer Stats
Answer % Correct
Спасская
100%
Достоевская
91%
Лиговский проспект
91%
Площадь Александра Невского
91%
Улица Дыбенко
91%
Новочеркасская
84%
Проспект Большевиков
81%
Ладожская
78%
No matching quizzes found
Score Distribution
Percent of People with Each Score
Percentile by Number Answered
Your Score History
You have not taken this quiz